000 00809nam a2200193 i 4500
001 34402
003 ES-MaACL
005 20230906154928.0
007 t|
008 030207s1961 sp ||||1| spa d
100 1 _aBlanco Trías, Fedérico.
_929299
245 1 0 _aContribución de las ciencias económicas y financieras a la solución del problema de la vivienda
_b: conferencia /
_cpor el académico numerario Fedérico Blanco Trías.
260 _aBarcelona :
_b[s.n.,
_c1961] (
_fImp. Clarasó)
300 _a40 p. ;
_c25 cm.
490 1 _aPublicaciones de la Real Academia de Ciencias Económicas y Financieras de Barcelona
830 0 _aPublicaciones de la Real Academia de Ciencias Económicas y Financieras de Barcelona
_9182691
852 _aES-MaACL
_j2025-F-10
_bR.48709
999 _c34402
_d34402